| 000 | 00519nam a2200181Ia 4500 | ||
|---|---|---|---|
| 999 |
_c20945 _d20945 |
||
| 003 | OSt | ||
| 005 | 20200629140651.0 | ||
| 008 | 190216s9999||||xx |||||||||||||| ||und|| | ||
| 020 | _a9780631235835 | ||
| 040 | _coclc | ||
| 082 |
_a930.103 _bSHA/D |
||
| 100 |
_aShaw, Ian _93319 |
||
| 245 | 0 |
_aA Dictionary of Archaeology / _cIan Shaw ; Robert Jameson |
|
| 260 |
_bBlackwell Publishers, _c2002. _aUK: |
||
| 300 | _a624p | ||
| 650 | _aHistory | ||
| 942 |
_cBK _2ddc _h930.103 _iSHA/D _k930.103 _mSHA/D |
||